01125nam a2200193Ia 4500001001100000003001000011008004100021040002500062041001300087100002000100245002400120250001100144260008400155300002700239500026000266501011400526520026000640650003100900L239-11724IT-CnALBA170116s9999||||xx |||||||||||||| ||und|| aIT-CnALBAcIT-CnALBA aITALIANO aGIORGI GIOVANNI 0aSCIENZA E MISTERO.  a1a ed. a ROMA. VERONAbSTUDIUM EDITRICE c1948 [1° Ed.:1948 - Ed.Ling.Originale: 1948] a315 p. (prefazione: 5) aPREFAZIONE DI MAGNI P. ORIZZONTI DELLA SCIENZA. COAUTORI: BLANC C. A. FERRETTI B. POLVANI G. BERNARDINI G. HAGENS V. B. MONTALENTI G. ZAVATTARI E. BERR S. SEVERI F. UNIVERSO NEL TEMPO. EVOLUZIONE DELLA TERRA. FISICA CLASSICA E FISICA ATOMICA. EVOLUZIONE D aSocietà San Paolo EM - Piazza San Paolo, 14 - 12051 ALBA (CN) (non commercial uses only) ® Copyright 2017 aPREFAZIONE DI MAGNI P. ORIZZONTI DELLA SCIENZA. COAUTORI: BLANC C. A. FERRETTI B. POLVANI G. BERNARDINI G. HAGENS V. B. MONTALENTI G. ZAVATTARI E. BERR S. SEVERI F. UNIVERSO NEL TEMPO. EVOLUZIONE DELLA TERRA. FISICA CLASSICA E FISICA ATOMICA. EVOLUZIONE D aAPOLOGETICA E CONTROVERSIE